000
00292nam a22001337a 4500
008
171228b xxu||||| |||| 00| 0 eng d
020
_a
9780130176141
041
_a
eng
080
_a
338
100
_a
53
101
_a
MNG
245
_a
FINANCIAL MANAGEMENT
_c
FINKLER, S.A
942
_2
udc
_c
BK
999
_c
39548
_d
39548